Сальвадор Дали и дизайн ювелирных украшений; Информационные технологии в науке, управлении, социальной сфере и медицине; Ч. 1
| Parent link: | Информационные технологии в науке, управлении, социальной сфере и медицине: сборник научных трудов III Международной научной конференции, 23-26 мая 2016 г., Томск.— , 2016 Ч. 1.— 2016.— [С. 552-555] |
|---|---|
| Autor principal: | |
| Autor Corporativo: | |
| Outros Autores: | |
| Resumo: | Заглавие с титульного экрана The history of design is an important aspect for considering the heritage of individual members of this activity. The term “art” is partly formulated from the assumption, that theexistence of this phenomenon is seen in the temporary space.Rethinking the aesthetic perception of the world, as an individual artist and as the creative discoveries and the era of the arts in general is made by literary translation. One of the brightest occasions in the history of design in 20 century was the appearance of the Spanish artist, painter, graphic artist, sculptor, director, writer and designer, Salvador Dali.The cultural situation of the 20th century as well as considering surrealismto be a special phenomenon in the development of Europeanculture cause the interest to historians and theorists of culture. |
| Idioma: | russo |
| Publicado em: |
2016
|
| coleção: | Компьютерная графика и дизайн |
| Assuntos: | |
| Acesso em linha: | http://earchive.tpu.ru/handle/11683/31641 |
| Formato: | MixedMaterials Recurso Eletrônico Capítulo de Livro |
| KOHA link: | https://koha.lib.tpu.ru/cgi-bin/koha/opac-detail.pl?biblionumber=619466 |
MARC
| LEADER | 00000naa2a2200000 4500 | ||
|---|---|---|---|
| 001 | 619466 | ||
| 005 | 20240122153447.0 | ||
| 035 | |a (RuTPU)RU\TPU\conf\17902 | ||
| 035 | |a RU\TPU\conf\17900 | ||
| 090 | |a 619466 | ||
| 100 | |a 20160823d2016 k y0rusy50 ca | ||
| 101 | 0 | |a rus | |
| 102 | |a RU | ||
| 105 | |a y z 101zy | ||
| 135 | |a drcn ---uucaa | ||
| 181 | 0 | |a i | |
| 182 | 0 | |a b | |
| 200 | 1 | |a Сальвадор Дали и дизайн ювелирных украшений |d Salvador Dali and jewellery design |f А. В. Кудряшова, Ю. С. Дё | |
| 203 | |a Текст |c электронный | ||
| 225 | 1 | |a Компьютерная графика и дизайн | |
| 300 | |a Заглавие с титульного экрана | ||
| 320 | |a [Библиогр.: с. 555 (3 назв.)] | ||
| 330 | |a The history of design is an important aspect for considering the heritage of individual members of this activity. The term “art” is partly formulated from the assumption, that theexistence of this phenomenon is seen in the temporary space.Rethinking the aesthetic perception of the world, as an individual artist and as the creative discoveries and the era of the arts in general is made by literary translation. One of the brightest occasions in the history of design in 20 century was the appearance of the Spanish artist, painter, graphic artist, sculptor, director, writer and designer, Salvador Dali.The cultural situation of the 20th century as well as considering surrealismto be a special phenomenon in the development of Europeanculture cause the interest to historians and theorists of culture. | ||
| 461 | 1 | |0 (RuTPU)RU\TPU\conf\17281 |t Информационные технологии в науке, управлении, социальной сфере и медицине |o сборник научных трудов III Международной научной конференции, 23-26 мая 2016 г., Томск |o в 2 ч. |d 2016 | |
| 463 | 1 | |0 (RuTPU)RU\TPU\conf\17283 |t Ч. 1 |f Национальный исследовательский Томский политехнический университет (ТПУ) ; ред. кол. О. Г. Берестнева ; О. М. Гергет ; Т. А. Гладкова |v [С. 552-555] |d 2016 | |
| 510 | 1 | |a Salvador Dali and jewellery design |z eng | |
| 600 | 1 | |a Дали |g Сальвадор |c испанский живописец |f 1904-1989 |b С. |2 stltpush |3 (RuTPU)RU\TPU\pers\298 | |
| 610 | 1 | |a труды учёных ТПУ | |
| 610 | 1 | |a электронный ресурс | |
| 610 | 1 | |a ювелирные изделия | |
| 610 | 1 | |a дизайн | |
| 610 | 1 | |a искусство | |
| 610 | 1 | |a сюрреализм | |
| 610 | 1 | |a художники | |
| 700 | 1 | |a Кудряшова |b А. В. |c лингвист |c старший преподаватель Томского политехнического университета |f 1979- |g Александра Владимировна |3 (RuTPU)RU\TPU\pers\32763 |9 16640 | |
| 701 | 1 | |a Дё |b Ю. С. | |
| 712 | 0 | 2 | |a Национальный исследовательский Томский политехнический университет (ТПУ) |b Институт кибернетики (ИК) |b Кафедра иностранных языков института кибернетики (ИЯИК) |3 (RuTPU)RU\TPU\col\18707 |
| 801 | 2 | |a RU |b 63413507 |c 20160912 |g RCR | |
| 856 | 4 | |u http://earchive.tpu.ru/handle/11683/31641 | |
| 942 | |c BK | ||